Unique Fallout 4 and 76 Weapons Quiz ☢ - Statistics

General Stats
  • This quiz has been taken 14 times
  • The average score is 3 of 11
Answer Stats
Description of Weapon (Fallout Game Its In) Weapon % Correct
Minigun that Fires Burning Rounds (4) Ashmaker
69%
Fatman that Shoots an Extra Mini Nuke (4) Big Boy
54%
Unique 10mm Pistol Great for Stealth Builds (4) Deliverer
54%
Fusion Cored-Powered Rocket-Sledge (4) Atom's Judgement
46%
Explosive Sub machine Gun (4) Spray N Pray
23%
Powerful Flamer With A Unique Paint (76) Holy Fire
15%
Combat Shotgun With A Unique Paint That Fires Explosive Rounds (76) Crowd Control
8%
Really Good Handmade Rifle (76) Fixer
8%
Combat Shotgun With Buffed Limb Damage (4) La Fusil Terribles / The Terrible Shotgun
8%
Rocket Launcher That Locks on Targets (76) Bunker Buster
0%
BOS Rifle Thats Given After One of the First Quests (4) Rightest Authority
0%
No matching quizzes found
Score Distribution
Percent of People with Each Score
Percentile by Number Answered
Your Score History
You have not taken this quiz